Регионална библиотека "Любен Каравелов" - Русе

Музата на кошмарите (Запис номер 329532)

MARC детайли
000 -Лидер
Контролно поле с фиксирана дължина 00970aaa a2200265 a 4500
003 - Код на организацията, давaща контролен номер
Контролно поле BLK
005 - Дата и час на последна редакция
Контролно поле 20250430144105.0
008 - Елементи от данни с фиксирана дължина
fixed length control field 180911b bul||||| |||| 00| 0 bul d
020 ## - Международен стандартен номер на книга ISBN
Международен стандартен номер на книга ISBN 9789542722458
040 ## - Източник на каталожния запис
Идентификатор на билиотеката - собственик на записа BLK
041 ## - Код за език
Код за езика на текст/звукозапис или на отделно заглавие Български
Код за езика КДБФ Български
080 ## - УДК
Текстов определител УДК Американска литература (на САЩ)
УДК код - определител по УДК 821.111(73)
УДК определител -312.9
УДК - код + определител 821.111(73)-312.9
100 ## - Редна дума - Автор
Автор Тейлър, Лейни
Авторска отговорност първи автор
R(LIN) 1299
139 ## - Редно поле
Редна дума Тейлър, Лейни
Авторски знак Те - Т 45
245 ## - Сведения за заглавието
Заглавие Музата на кошмарите
Редно поле (дума) Лейни Тейлър; прев. Кристина Георгиева
260 ## - Област на издателските данни
Година на издаване 2018
9 (RLIN) 209434
Място на издаване, разпространение и проч. София
Име на издателя, разпространителя и проч. Егмонт България
300 ## - Физическа характеристика
Страници 528 с.
Размери/Мащаб 21 см
380 ## - Жанр
Жанр Худож. лит.
700 ## - Други автори (авторска отговорност)
9 (RLIN) 381414
Лично име Георгиева, Кристина Николаева
Автороска отговорност (Описва отношението между автора и произведението) прев. от англ.
852 ## - Местоположение
Фондова буква Заемна - подръчен фонд
Систематично-азбучна сигнатура П 820(73)-31/Т 45
Форматна сигнатура Цб 295184
999 ## - СИСТЕМНИ КОНТРОЛНИ НОМЕРА
Koha biblionumber 329532
Koha biblioitemnumber 329532
942 ## - АРТИКУЛИ
Вид на библиотечния материал Книги
Източник на класификационната схема Universal Decimal Classification
Скрит в OPAC Не
Koha issues (borrowed), all copies 15
999 ## - СИСТЕМНИ КОНТРОЛНИ НОМЕРА
Koha biblioitemnumber 329532
999 ## - СИСТЕМНИ КОНТРОЛНИ НОМЕРА
Koha biblioitemnumber 329532
999 ## - СИСТЕМНИ КОНТРОЛНИ НОМЕРА
Koha biblioitemnumber 329532
944 ## - СЪЗДАВАНЕ И РЕДАКЦИЯ на ЗАПИСА
Служител, извършил регистрацията/редакцията 30531
Статус, дата на статуса Цветелина Шанова
Наличности
Код за отписване Код за изгубен артикул Източник на класификационната схема Код за повреда Код за отдаване Артикулен № Име на библиотеката - собственик Име на библиотеката, в която се намира в момента Статус (Текущо местоположение) Дата на вписване в системата Местоположение - отдел Цена в лева Систематично азбучна сигнатура Баркод Цена в евро Служебен тип на артикула Коз за рестрикции
  Не е изгубен Universal Decimal Classification Не е повреден заемане за дома 695712 Регионална библиотека "Любен Каравелов" Русе Регионална библиотека "Любен Каравелов" Русе Заемна - подръчен фонд 2019-03-27 Заемна - подръчен фонд 19.92 П 820(73)-31/Т 45 120000830995 10.18 Книги  
  Не е изгубен Universal Decimal Classification Не е повреден ползва се в читалня 724457 Регионална библиотека "Любен Каравелов" Русе Регионална библиотека "Любен Каравелов" Русе Хранилище 2019-06-26 Хранилище 24.90 Цб 295184 120000832587 12.73 Книги само за читалня
Vip Innovations Ltd, Rousse, Bulgaria 2025